[Event "X Festival Ducale A"]
[Site "Genova ITA"]
[Date "2002.11.30"]
[Round "7"]
[White "Georgiev, Vladimir"]
[Black "Dgebuadze, Alexandre"]
[Result "0-1"]
[WhiteElo "2501"]
[BlackElo "2537"]
[PlyCount "104"]
[EventDate "2002.11.25"]

1. c4 e5 2. Nc3 Nc6 3. g3 g6 4. Bg2 Bg7 5. Rb1 a5 6. a3 d6 7. b4 axb4 8. axb4
Nf6 9. b5 Nd4 10. e3 Ne6 11. Nge2 O-O 12. O-O Nd7 13. d4 f5 14. f4 e4 15. g4
Qh4 16. gxf5 gxf5 17. Ng3 Nb6 18. Qb3 Rf6 19. Nce2 Kh8 20. Bd2 Bd7 21. Be1 Rh6
22. h3 Qf6 23. Bb4 Nf8 24. Ra1 Rxa1 25. Rxa1 Qf7 26. Ba5 Qxc4 27. Qxc4 Nxc4 28.
Bxc7 Nxe3 29. b6 Rg6 30. Kf2 Nxg2 31. Kxg2 h5 32. Kf2 h4 33. Nh5 Bb5 34. Nxg7
Kxg7 35. d5 Bxe2 36. Kxe2 Nd7 37. Ra8 Kf7 38. Rh8 Nf6 39. Bxd6 Nxd5 40. Bc5
Nxf4+ 41. Ke3 Ne6 42. Bd6 Rg8 43. Rh7+ Rg7 44. Rxh4 Kg6 45. Rh8 Rd7 46. Be5
Rd3+ 47. Kf2 f4 48. h4 Kf5 49. Rh5+ Kg4 50. Rh6 e3+ 51. Ke1 Nd4 52. Rg6+ Kf3
0-1

[Event "X Festival Ducale A"]
[Site "Genova ITA"]
[Date "2002.11.30"]
[Round "7"]
[White "Lazic, Miroljub"]
[Black "Sanchez, Joseph"]
[Result "0-1"]
[WhiteElo "2461"]
[BlackElo "2307"]
[PlyCount "90"]
[EventDate "2002.11.25"]

1. Nf3 d5 2. b3 Nf6 3. Bb2 e6 4. e3 Be7 5. Be2 O-O 6. c4 c5 7. O-O Nc6 8. d3 d4
9. exd4 cxd4 10. a3 a5 11. Nbd2 e5 12. Re1 Nd7 13. Bf1 Re8 14. Qe2 f6 15. Ne4
Bf8 16. Nfd2 f5 17. Ng3 g6 18. Qd1 Nc5 19. Qb1 Ra6 20. Bc1 Rb6 21. Qc2 Be6 22.
Rb1 Bf7 23. Nf3 h6 24. b4 axb4 25. axb4 Nxb4 26. Rxb4 Rxb4 27. Nxe5 Rb6 28.
Nxf7 Kxf7 29. Be2 Qd7 30. Bf4 Qa4 31. Qc1 Qb4 32. Rf1 Rbe6 33. Bxh6 Nb3 34. Qg5
Be7 35. Qf4 Bd6 36. Qh4 Bxg3 37. fxg3 Rxe2 38. Bg5 Qf8 39. g4 Qh8 40. Qg3 Qe5
41. Bf4 Qe6 42. gxf5 gxf5 43. Qh3 Kg7 44. Rf3 Re1+ 45. Kf2 Rf1+ 0-1

[Event "X Festival Ducale A"]
[Site "Genova ITA"]
[Date "2002.11.30"]
[Round "7"]
[White "Maksimenko, Andrei"]
[Black "Mrdja, Milan"]
[Result "1/2-1/2"]
[WhiteElo "2507"]
[BlackElo "2368"]
[PlyCount "43"]
[EventDate "2002.11.25"]

1. Nf3 c5 2. c4 Nc6 3. d4 cxd4 4. Nxd4 Nf6 5. Nc3 g6 6. e4 d6 7. Be2 Nxd4 8.
Qxd4 Bg7 9. Bg5 O-O 10. Qd2 Bd7 11. O-O Bc6 12. f3 a5 13. Rab1 Nd7 14. Kh1 Re8
15. Rfc1 Nc5 16. Be3 Be5 17. b3 e6 18. Bg5 f6 19. Be3 Qe7 20. Rc2 g5 21. Nd1 h6
22. a3 1/2-1/2

[Event "X Festival Ducale A"]
[Site "Genova ITA"]
[Date "2002.11.30"]
[Round "7"]
[White "Massa, Giovanni"]
[Black "Fossati, Remigio"]
[Result "1/2-1/2"]
[WhiteElo "2096"]
[BlackElo "1807"]
[PlyCount "66"]
[EventDate "2002.11.25"]

1. e4 c5 2. Nf3 e6 3. d4 cxd4 4. Nxd4 Nf6 5. Nc3 d6 6. Be3 Nbd7 7. f3 a6 8. Qd2
b5 9. O-O-O Bb7 10. g4 Nb6 11. Kb1 Rc8 12. h4 Nfd7 13. Bg5 Be7 14. Bxe7 Qxe7
15. Bd3 Ne5 16. g5 Nec4 17. Bxc4 Nxc4 18. Qf2 Na3+ 19. Kc1 Rxc3 20. bxc3 Nc4
21. Nb3 O-O 22. Nd2 d5 23. Nxc4 bxc4 24. e5 Qa3+ 25. Kd2 d4 26. cxd4 Bxf3 27.
Qe3 Qxe3+ 28. Kxe3 Bxh1 29. Rxh1 Rb8 30. Kd2 Rb4 31. Kc3 Ra4 32. Rb1 h5 33.
gxh6 gxh6 1/2-1/2

[Event "X Festival Ducale A"]
[Site "Genova ITA"]
[Date "2002.11.30"]
[Round "7"]
[White "Mollero, Michele"]
[Black "Gorshkova, Irina"]
[Result "1/2-1/2"]
[WhiteElo "2164"]
[BlackElo "2190"]
[PlyCount "30"]
[EventDate "2002.11.25"]

1. d4 Nf6 2. c4 g6 3. Nc3 d5 4. Bf4 Bg7 5. Nf3 O-O 6. e3 c5 7. dxc5 Qa5 8. Rc1
dxc4 9. Bxc4 Qxc5 10. Qb3 Nc6 11. Qb5 Qxb5 12. Nxb5 Bd7 13. Ne5 Nxe5 14. Bxe5
Be6 15. Ke2 Rac8 1/2-1/2

[Event "X Festival Ducale A"]
[Site "Genova ITA"]
[Date "2002.11.30"]
[Round "7"]
[White "Sareen, Vishal"]
[Black "Laketic, Gojko"]
[Result "1-0"]
[WhiteElo "2335"]
[BlackElo "2444"]
[PlyCount "47"]
[EventDate "2002.11.25"]

1. e4 Nf6 2. e5 Nd5 3. d4 d6 4. Nf3 g6 5. Bc4 c6 6. h3 Bg7 7. O-O O-O 8. Re1
Bf5 9. Nc3 dxe5 10. Nxe5 Nxc3 11. bxc3 Bc8 12. Qf3 Be6 13. Bxe6 fxe6 14. Qg4
Rf5 15. Nf3 Nd7 16. Nh4 Rf6 17. Bg5 Nf8 18. Bxf6 exf6 19. Nf3 Qd5 20. Qe4 Qa5
21. Rab1 Qc7 22. c4 b6 23. a4 Rd8 24. c3 1-0

[Event "X Festival Ducale A"]
[Site "Genova ITA"]
[Date "2002.11.30"]
[Round "7"]
[White "Stroppa, Daniel"]
[Black "Efimov, Igor"]
[Result "0-1"]
[WhiteElo "2274"]
[BlackElo "2480"]
[PlyCount "48"]
[EventDate "2002.11.25"]

1. e4 c5 2. d3 Nc6 3. f4 d5 4. Be2 e6 5. Nf3 Bd6 6. O-O Nge7 7. Kh1 b6 8. c3
Bc7 9. Na3 f6 10. c4 O-O 11. exd5 exd5 12. d4 Be6 13. cxd5 Nxd5 14. dxc5 bxc5
15. g3 Bf7 16. Rf2 Qe7 17. Nc4 Rad8 18. Qf1 Nd4 19. Bd1 Qe4 20. Ncd2 Qe8 21.
Nb3 Bb6 22. h3 Nf5 23. Kh2 c4 24. Re2 Nde3 0-1

[Event "X Festival Ducale A"]
[Site "Genova ITA"]
[Date "2002.11.30"]
[Round "8"]
[White "Aceto, Lorenzo"]
[Black "Lazic, Miroljub"]
[Result "0-1"]
[WhiteElo "1866"]
[BlackElo "2461"]
[PlyCount "44"]
[EventDate "2002.11.25"]

1. c4 e5 2. Nc3 Nc6 3. g3 g6 4. Bg2 Bg7 5. Nf3 f5 6. d3 d6 7. O-O Nf6 8. Be3 h6
9. b4 Nxb4 10. d4 Nc6 11. dxe5 Ng4 12. Bd2 dxe5 13. Nd5 O-O 14. Rb1 e4 15. Nh4
Nge5 16. f4 Nxc4 17. Bb4 Bd4+ 18. e3 Nxe3 19. Nxe3 Bxe3+ 20. Kh1 Qxd1 21. Rfxd1
Nxb4 22. Rxb4 Kg7 0-1

[Event "X Festival Ducale A"]
[Site "Genova ITA"]
[Date "2002.11.30"]
[Round "8"]
[White "Carola, Paolo"]
[Black "Capurro, Giuliano"]
[Result "0-1"]
[WhiteElo "1796"]
[BlackElo "2048"]
[PlyCount "42"]
[EventDate "2002.11.25"]

1. e4 d6 2. d4 g6 3. Nf3 Bg7 4. Bc4 Nf6 5. Qe2 c5 6. e5 dxe5 7. dxe5 Nd5 8. e6
Bxe6 9. Ng5 Qb6 10. Qf3 Bxb2 11. Bxd5 Bxd5 12. Qxd5 O-O 13. Nd2 Bxa1 14. O-O
Qc6 15. Qd3 Bg7 16. Re1 Na6 17. Qh3 h6 18. Ndf3 Nb4 19. Re4 Rfd8 20. Bd2 Rxd2
21. Nxd2 hxg5 0-1

[Event "X Festival Ducale A"]
[Site "Genova ITA"]
[Date "2002.11.30"]
[Round "8"]
[White "Catalini, Giampiero"]
[Black "Bartonicek, Zdenek"]
[Result "1-0"]
[WhiteElo "1713"]
[BlackElo "2109"]
[PlyCount "65"]
[EventDate "2002.11.25"]

1. d4 Nf6 2. Nf3 g6 3. Bf4 Bg7 4. Qc1 h6 5. h3 b6 6. Nc3 Bb7 7. Qd2 d6 8. O-O-O
Nbd7 9. Rg1 Nd5 10. Nxd5 Bxd5 11. Kb1 Nf6 12. e3 Qd7 13. Bd3 c5 14. Qe2 O-O 15.
e4 Bc6 16. d5 Bb7 17. g4 Qc7 18. Bxh6 Bxh6 19. g5 Bg7 20. gxf6 exf6 21. Nh4 Bc8
22. Nxg6 fxg6 23. Rxg6 Rf7 24. Rdg1 Kf8 25. Qh5 c4 26. Be2 Kg8 27. Rh6 Kf8 28.
Rh7 Bd7 29. Rhxg7 Be8 30. Qh8+ Ke7 31. Bh5 Rc8 32. Qh7 Kf8 33. Qg8+ 1-0

[Event "X Festival Ducale A"]
[Site "Genova ITA"]
[Date "2002.11.30"]
[Round "8"]
[White "Dgebuadze, Alexandre"]
[Black "Sanchez, Joseph"]
[Result "1-0"]
[WhiteElo "2537"]
[BlackElo "2307"]
[PlyCount "91"]
[EventDate "2002.11.25"]

1. e4 c5 2. Nf3 Nc6 3. Bb5 d6 4. d4 cxd4 5. Qxd4 Bd7 6. Bxc6 Bxc6 7. Nc3 e5 8.
Qd3 h6 9. O-O Nf6 10. Re1 Be7 11. Nd2 O-O 12. Nf1 Re8 13. Ne3 Bf8 14. a4 Rc8
15. b3 Qd7 16. Bb2 Rcd8 17. Rad1 Nh5 18. Ncd5 Re6 19. c4 Rg6 20. Kh1 Re8 21.
Bc1 Bxd5 22. Nxd5 Be7 23. Qf3 Nf6 24. Ne3 Qc6 25. Nf5 Rg4 26. Ng3 Bd8 27. Qd3
Ba5 28. Re2 Bb4 29. f3 Rg6 30. Bd2 Qb6 31. Bxb4 Qxb4 32. Nf5 Nd7 33. Rb2 Qa3
34. Qc2 a5 35. Rd5 Nc5 36. h3 Ree6 37. Kh2 Kh7 38. Rb1 Qb4 39. Qd2 Qb6 40. Qe3
Rgf6 41. Nxd6 Rxd6 42. Qxc5 Rxd5 43. Qxb6 Rxb6 44. exd5 Kg8 45. c5 Rb4 46. c6
1-0

[Event "X Festival Ducale A"]
[Site "Genova ITA"]
[Date "2002.11.30"]
[Round "8"]
[White "Fongarolli, Diego"]
[Black "Mollero, Michele"]
[Result "0-1"]
[WhiteElo "2089"]
[BlackElo "2164"]
[PlyCount "64"]
[EventDate "2002.11.25"]

1. e4 Nf6 2. e5 Nd5 3. d4 d6 4. c4 Nb6 5. f4 dxe5 6. fxe5 Nc6 7. Be3 Bf5 8. Nc3
e6 9. Nf3 Bg4 10. Qd2 Be7 11. Be2 Bh4+ 12. Kf1 O-O 13. c5 Bxf3 14. gxf3 Nd5 15.
Nxd5 Qxd5 16. Rg1 f5 17. Rd1 Rad8 18. f4 Kh8 19. Rg2 g5 20. Qc3 Qe4 21. b4 gxf4
22. Bg1 f3 23. Bxf3 Qf4 24. Ke2 Rg8 25. Rxg8+ Rxg8 26. b5 Rxg1 27. bxc6 Qxh2+
28. Kd3 Rxd1+ 29. Bxd1 bxc6 30. Bb3 Qf4 31. Kc4 Qe4 32. Kb4 Be1 0-1

[Event "X Festival Ducale A"]
[Site "Genova ITA"]
[Date "2002.11.30"]
[Round "8"]
[White "Forno, Roberto"]
[Black "Morselli, Stefano"]
[Result "1-0"]
[WhiteElo "2080"]
[BlackElo "1750"]
[PlyCount "57"]
[EventDate "2002.11.25"]

1. d4 Nf6 2. c4 g6 3. Nc3 Bg7 4. e4 d6 5. Be2 O-O 6. Nf3 Nbd7 7. O-O c5 8. Bg5
h6 9. Bh4 Qe8 10. h3 a6 11. Rb1 cxd4 12. Nxd4 Nc5 13. Bf3 Bd7 14. Re1 Rb8 15.
Bg3 Ne6 16. e5 dxe5 17. Bxe5 Nxd4 18. Qxd4 Rd8 19. Nd5 Bf5 20. Rbd1 Qa4 21.
Nxe7+ Kh7 22. Bd5 Nxd5 23. Nxd5 f6 24. Bxf6 Rxf6 25. Re7 Kh8 26. Rxg7 Rxd5 27.
Qxf6 Rxd1+ 28. Kh2 Qc6 29. Qf8# 1-0

[Event "X Festival Ducale A"]
[Site "Genova ITA"]
[Date "2002.11.30"]
[Round "8"]
[White "Gorshkova, Irina"]
[Black "Carosso, Andrea"]
[Result "1-0"]
[WhiteElo "2190"]
[BlackElo "1738"]
[PlyCount "35"]
[EventDate "2002.11.25"]

1. e4 c5 2. c3 d5 3. exd5 Qxd5 4. d4 Nf6 5. Nf3 Bg4 6. Be2 e6 7. O-O Nc6 8. Be3
cxd4 9. cxd4 Be7 10. Nc3 Qd8 11. h3 Bh5 12. Qb3 Qb6 13. Qxb6 axb6 14. g4 Bg6
15. d5 exd5 16. g5 Ne4 17. Nxd5 Bc5 18. Nc7+ 1-0

[Event "X Festival Ducale A"]
[Site "Genova ITA"]
[Date "2002.11.30"]
[Round "8"]
[White "Van Hoolandt, Patrick"]
[Black "Maksimenko, Andrei"]
[Result "0-1"]
[WhiteElo "2173"]
[BlackElo "2507"]
[PlyCount "74"]
[EventDate "2002.11.25"]

1. c4 g6 2. g3 Bg7 3. Bg2 d6 4. Nc3 e5 5. d3 Ne7 6. e4 c6 7. Nge2 a6 8. O-O b5
9. Be3 O-O 10. d4 Nd7 11. f4 exf4 12. Bxf4 Nb6 13. cxb5 axb5 14. b4 h6 15. h4
Bg4 16. Qb3 Qd7 17. Kh2 Kh7 18. Rf2 f5 19. e5 dxe5 20. dxe5 Nc4 21. a4 Nxe5 22.
a5 Nc4 23. Re1 Bf6 24. Qc2 g5 25. hxg5 hxg5 26. Bc1 Kg7 27. Kg1 Qa7 28. Kf1
Rad8 29. Bf3 Ne5 30. Ng1 Nd3 31. Be3 Nxe1 32. Bxa7 Nxc2 33. Bxg4 fxg4 34. Ne4
Bd4 35. Bxd4+ Rxd4 36. Nxg5 Rd1+ 37. Ke2 Re1+ 0-1

[Event "X Festival Ducale A"]
[Site "Genova ITA"]
[Date "2002.12.01"]
[Round "9"]
[White "Bonani, Georg"]
[Black "Fittante, Giuliana"]
[Result "0-1"]
[WhiteElo "1743"]
[BlackElo "1779"]
[PlyCount "26"]
[EventDate "2002.11.25"]

1. e4 e5 2. f4 exf4 3. Bc4 Ne7 4. Nc3 Nbc6 5. d4 Ng6 6. Nge2 Qh4+ 7. g3 fxg3 8.
Nxg3 Bd6 9. Qf3 O-O 10. Be3 Nce5 11. dxe5 Nxe5 12. Bxf7+ Rxf7 13. Qe2 Nf3+ 0-1

[Event "X Festival Ducale A"]
[Site "Genova ITA"]
[Date "2002.12.01"]
[Round "9"]
[White "Catalini, Giampiero"]
[Black "Aceto, Lorenzo"]
[Result "0-1"]
[WhiteElo "1713"]
[BlackElo "1866"]
[PlyCount "114"]
[EventDate "2002.11.25"]

1. d4 Nf6 2. Nf3 g6 3. Bf4 Bg7 4. Qc1 O-O 5. Bh6 d5 6. Bxg7 Kxg7 7. e3 Bf5 8.
Bd3 Bxd3 9. cxd3 Na6 10. a3 Qd6 11. b4 c6 12. Nbd2 Rac8 13. O-O b6 14. Qb2 Kg8
15. e4 Qf4 16. Rfe1 Nc7 17. a4 Ne6 18. a5 c5 19. dxc5 bxc5 20. b5 c4 21. dxc4
dxc4 22. Qe5 Rfd8 23. Nf1 c3 24. Qxf4 Nxf4 25. Ne5 Rc5 26. Nc6 Rd7 27. e5 N6d5
28. Ng3 Rxb5 29. Nd4 Rb2 30. Rec1 Nd3 31. Rc2 N5b4 32. Rxc3 Rxd4 33. e6 fxe6
34. Rc7 a6 35. Rxe7 Rxf2 36. Rxe6 Rc4 37. Ne4 Rfc2 38. h3 Rc1+ 39. Rxc1 Rxc1+
40. Kh2 Ra1 41. Re7 h5 42. Ra7 Rxa5 43. Nf6+ Kf8 44. Ne4 Re5 45. Nf6 Re7 46.
Nh7+ Ke8 47. Ra8+ Kf7 48. Ng5+ Kf6 49. h4 Ke5 50. Rg8 a5 51. Rxg6 a4 52. Nf3+
Kd5 53. Rg5+ Ne5 54. Rg8 Nxf3+ 55. gxf3 Kc4 56. f4 a3 57. Ra8 a2 0-1

[Event "X Festival Ducale A"]
[Site "Genova ITA"]
[Date "2002.12.01"]
[Round "9"]
[White "Fossati, Remigio"]
[Black "Van Hoolandt, Patrick"]
[Result "1-0"]
[WhiteElo "1807"]
[BlackElo "2173"]
[PlyCount "111"]
[EventDate "2002.11.25"]

1. e4 e5 2. Nf3 Nc6 3. Bb5 Nf6 4. O-O Bc5 5. Re1 Ng4 6. Rf1 O-O 7. h3 Nxf2 8.
Rxf2 f5 9. d3 fxe4 10. dxe4 d5 11. Bxc6 bxc6 12. Nc3 Bxf2+ 13. Kxf2 d4 14. Ne2
Qh4+ 15. Kg1 Qxe4 16. Qd3 Qd5 17. Qb3 Ba6 18. Qxd5+ cxd5 19. Ng3 Rae8 20. b4 d3
21. cxd3 Bxd3 22. Bb2 e4 23. Ne5 Ba6 24. a4 h5 25. b5 h4 26. Ne2 Bc8 27. Rc1 e3
28. Rxc7 Rf2 29. Ng6 Kh7 30. Rxg7+ Kh6 31. Ngf4 Re4 32. Rg8 Rexf4 33. Nxf4 Rxf4
34. Rxc8 e2 35. Rc1 Rxa4 36. Kf2 Rb4 37. Rc2 Rxb5 38. Kxe2 Kg5 39. Bc1+ Kf5 40.
Ra2 Rc5 41. Be3 Rc4 42. Rxa7 Rb4 43. Rh7 d4 44. Bd2 Ra4 45. Kd3 Ra3+ 46. Kxd4
Rg3 47. Rxh4 Rxg2 48. Rf4+ Ke6 49. Be3 Ra2 50. Ke4 Ra5 51. Kf3 Ra3 52. h4 Ke5
53. h5 Rb3 54. h6 Rb7 55. Bd4+ Ke6 56. Bg7 1-0

[Event "X Festival Ducale A"]
[Site "Genova ITA"]
[Date "2002.12.01"]
[Round "9"]
[White "Gentile, Claudio"]
[Black "Forno, Roberto"]
[Result "1-0"]
[WhiteElo "2156"]
[BlackElo "2080"]
[PlyCount "79"]
[EventDate "2002.11.25"]

1. d4 Nf6 2. c4 e6 3. Nf3 d5 4. Nc3 Bb4 5. cxd5 exd5 6. Bg5 O-O 7. Qb3 Bxc3+ 8.
bxc3 c6 9. Ne5 Qd6 10. e3 Ne4 11. Bf4 Qe7 12. f3 g5 13. fxe4 gxf4 14. exf4 f6
15. Nd3 Qxe4+ 16. Kf2 b6 17. Re1 Qf5 18. g3 Nd7 19. Nb4 Bb7 20. Bd3 Qh3 21. Qc2
f5 22. Re7 Rad8 23. Qa4 Nf6 24. Bf1 Qh6 25. Rxb7 Ng4+ 26. Kg2 Qe6 27. Qxa7 Ne3+
28. Kg1 Qf6 29. Rxb6 Rd6 30. Qa6 Nd1 31. Qd3 Nb2 32. Qc2 Nc4 33. Bxc4 dxc4 34.
Qe2 Rxd4 35. cxd4 Qxd4+ 36. Qf2 Qd1+ 37. Kg2 Qd6 38. Qc2 Rd8 39. Qxc4+ Kg7 40.
Qc3+ 1-0

[Event "X Festival Ducale A"]
[Site "Genova ITA"]
[Date "2002.12.01"]
[Round "9"]
[White "Mollero, Michele"]
[Black "Laketic, Gojko"]
[Result "0-1"]
[WhiteElo "2164"]
[BlackElo "2444"]
[PlyCount "90"]
[EventDate "2002.11.25"]

1. d4 d5 2. c4 c6 3. cxd5 cxd5 4. Nc3 Nf6 5. Nf3 Nc6 6. Bf4 e6 7. e3 Nh5 8. Bg5
Qb6 9. Rb1 h6 10. Bh4 g5 11. Bg3 Nxg3 12. hxg3 Bg7 13. Bd3 Bd7 14. a3 Rc8 15.
Na4 Qa5+ 16. b4 Nxb4 17. Rxb4 Bxa4 18. Qxa4+ Qxa4 19. Rxa4 Rc1+ 20. Ke2 Rxh1
21. Rxa7 O-O 22. Rxb7 Ra1 23. g4 Ra2+ 24. Nd2 Rxa3 25. Nf1 Rc8 26. Ng3 Rca8 27.
Nh5 Rc3 28. Bh7+ Kxh7 29. Rxf7 Rg8 30. Re7 Kh8 31. Rxe6 Rc2+ 32. Kf1 Ra8 33.
Kg1 Ra1+ 34. Kh2 Rxf2 35. Re7 Bf8 36. Rd7 Raa2 37. Kh1 Rxg2 38. Nf6 Rh2+ 39.
Kg1 Rag2+ 40. Kf1 Rf2+ 41. Kg1 Rxf6 42. Kxh2 Re6 43. Rxd5 Rxe3 44. Rd8 Kg7 45.
d5 Rd3 0-1

[Event "X Festival Ducale A"]
[Site "Genova ITA"]
[Date "2002.12.01"]
[Round "9"]
[White "Puglisi, Vincenzo"]
[Black "Massa, Giovanni"]
[Result "0-1"]
[WhiteElo "2115"]
[BlackElo "2096"]
[PlyCount "34"]
[EventDate "2002.11.25"]

1. e4 c5 2. Nf3 Nc6 3. d4 cxd4 4. Nxd4 g6 5. Be3 Nf6 6. Nc3 Bg7 7. f4 d6 8. Bb5
Bd7 9. Be2 O-O 10. O-O Qb6 11. e5 dxe5 12. fxe5 Nxe5 13. Nf5 Qxb2 14. Nxe7+ Kh8
15. Bd4 Qb4 16. Rxf6 Bxf6 17. Bxe5 Qc5+ 0-1

[Event "X Festival Ducale A"]
[Site "Genova ITA"]
[Date "2002.12.01"]
[Round "9"]
[White "Sanchez, Joseph"]
[Black "Mrdja, Milan"]
[Result "1-0"]
[WhiteElo "2307"]
[BlackElo "2368"]
[PlyCount "93"]
[EventDate "2002.11.25"]

1. e4 c5 2. Nc3 d6 3. f4 Nc6 4. Nf3 Nf6 5. Bc4 e6 6. d3 Be7 7. O-O O-O 8. a3 a6
9. Qe1 b5 10. Ba2 b4 11. axb4 Nxb4 12. Bb1 Bb7 13. Ne2 Qb6 14. Kh1 c4 15. Nc3
cxd3 16. cxd3 a5 17. Be3 Qd8 18. Qg3 d5 19. e5 d4 20. Nxd4 Nfd5 21. Bg1 Ra6 22.
Nde2 Kh8 23. d4 g6 24. Ne4 Ra8 25. N2c3 Bc6 26. Ng5 Kg7 27. h4 Rg8 28. h5 Bxg5
29. fxg5 gxh5 30. Qh4 Ra7 31. Qxh5 Kf8 32. Ne4 Rg7 33. Kh2 Ke7 34. Nf6 Qh8 35.
Be4 Ra8 36. Qh4 Rg6 37. Rac1 Rc8 38. Bxg6 hxg6 39. Qh6 Qxh6+ 40. gxh6 Rh8 41.
Nxd5+ Bxd5 42. Rc7+ Kd8 43. Rfxf7 Rxh6+ 44. Kg3 Rh5 45. Be3 Nd3 46. Ra7 Nxb2
47. Rf8# 1-0

[Event "LXII C.to Italiano"]
[Site "Montecatini Terme ITA"]
[Date "2002.11.20"]
[Round "1"]
[White "Bellia, Fabrizio"]
[Black "Lanzani, Mario"]
[Result "1/2-1/2"]
[WhiteElo "2410"]
[BlackElo "2350"]
[PlyCount "37"]
[EventDate "2002.11.20"]

1. c4 e6 2. d4 d5 3. Nc3 Be7 4. Nf3 Nf6 5. Bg5 h6 6. Bh4 O-O 7. e3 Ne4 8. Bxe7
Qxe7 9. Bd3 Nxc3 10. bxc3 dxc4 11. Bxc4 b6 12. O-O Bb7 13. Qe2 c5 14. Ne5 cxd4
15. cxd4 Nc6 16. Nxc6 Bxc6 17. Rfc1 Rac8 18. Ba6 Bb7 19. h3 1/2-1/2

[Event "LXII C.to Italiano"]
[Site "Montecatini Terme ITA"]
[Date "2002.11.20"]
[Round "1"]
[White "Belotti, Bruno"]
[Black "Vezzosi, Paolo"]
[Result "1/2-1/2"]
[WhiteElo "2419"]
[BlackElo "2394"]
[PlyCount "82"]
[EventDate "2002.11.20"]

1. c4 e6 2. Nc3 d5 3. d4 Nf6 4. cxd5 exd5 5. Bg5 Be7 6. e3 c6 7. Bd3 Nbd7 8.
Nf3 O-O 9. Qc2 Re8 10. O-O Nf8 11. h3 Be6 12. Rab1 Rc8 13. Rfc1 Ng6 14. b4 a6
15. Bxf6 Bxf6 16. Na4 Rc7 17. Nc5 Bc8 18. a4 Be7 19. Bf5 Bd6 20. Qd3 Qf6 21.
Bxc8 Rexc8 22. Rc2 Ne7 23. Rbc1 h5 24. b5 cxb5 25. axb5 Qg6 26. Qxg6 Nxg6 27.
Ne1 axb5 28. Nxb7 Rxc2 29. Rxc2 Rxc2 30. Nxc2 Be7 31. Na5 f6 32. Nc6 Kf7 33.
Kf1 Ke6 34. Ke2 Bd6 35. Kd3 Nh4 36. g4 hxg4 37. hxg4 Nf3 38. Ke2 Ng1+ 39. Kf1
Nf3 40. Ke2 Ng1+ 41. Kf1 Nf3 1/2-1/2

[Event "LXII C.to Italiano"]
[Site "Montecatini Terme ITA"]
[Date "2002.11.20"]
[Round "1"]
[White "Collutiis, Duilio"]
[Black "Buchicchio, Giampaolo"]
[Result "1-0"]
[WhiteElo "2332"]
[BlackElo "2245"]
[PlyCount "73"]
[EventDate "2002.11.20"]

1. e4 c5 2. Nf3 Nc6 3. d4 cxd4 4. Nxd4 e5 5. Nb5 d6 6. c4 Be7 7. b3 Nf6 8. Bd3
O-O 9. O-O Be6 10. N1c3 a6 11. Na3 Nd7 12. Nc2 Nc5 13. Be2 f5 14. exf5 Bxf5 15.
Bb2 Kh8 16. Ne3 Bg6 17. Ncd5 Bg5 18. g3 Ne6 19. Bg4 Qe8 20. h4 Bh6 21. h5 Be4
22. Nc3 Ng5 23. Nxe4 Nxe4 24. Nf5 Qe6 25. Qd5 Qxd5 26. cxd5 Nb4 27. Nxh6 gxh6
28. Rad1 Nxa2 29. Kg2 Nac3 30. Rd3 Nb5 31. f4 Nf6 32. Be6 e4 33. Re3 Nc7 34.
Rxe4 Nxe6 35. Rxe6 Kg7 36. Rc1 Rf7 37. Rxf6 1-0

[Event "LXII C.to Italiano"]
[Site "Montecatini Terme ITA"]
[Date "2002.11.20"]
[Round "1"]
[White "Di Paolo, Raffaele"]
[Black "Braga, Fernando Alberto"]
[Result "1/2-1/2"]
[WhiteElo "2340"]
[BlackElo "2434"]
[PlyCount "130"]
[EventDate "2002.11.20"]

1. e4 c5 2. Nf3 g6 3. d4 cxd4 4. Nxd4 Nf6 5. Nc3 Nc6 6. Nxc6 bxc6 7. e5 Ng8 8.
Bc4 Bg7 9. Qf3 f5 10. Bf4 e6 11. O-O-O Qc7 12. h4 Nh6 13. Qg3 Nf7 14. Rhe1 Rb8
15. b3 Rg8 16. Na4 Rb4 17. a3 Rb8 18. Nc5 Qa5 19. b4 Rxb4 20. axb4 Qa1+ 21. Kd2
Qd4+ 22. Kc1 Qxc4 23. Bd2 Qa2 24. Qc3 d6 25. Nd3 dxe5 26. Nxe5 Nxe5 27. Rxe5
Kf7 28. Bf4 Re8 29. Rd6 Re7 30. Bg5 Rd7 31. Rxd7+ Bxd7 32. Qd4 Bc8 33. f4 h6
34. Qd6 Qa3+ 35. Kd1 hxg5 36. Qc7+ Kg8 37. Qxc8+ Kh7 38. Rxe6 Qxb4 39. fxg5
Qd4+ 40. Ke2 Qc4+ 41. Kd1 Qd4+ 42. Ke2 Qg4+ 43. Kf1 Qc4+ 44. Re2 Qf4+ 45. Rf2
Qc1+ 46. Ke2 Qxc2+ 47. Ke3 Qe4+ 48. Kd2 Qb4+ 49. Ke2 Qe4+ 50. Kd2 Qxh4 51. Re2
Qxg5+ 52. Kc2 Qf6 53. Qc7 Qb2+ 54. Kd1 Qb1+ 55. Kd2 Qg1 56. Kc2 Qc5+ 57. Kd1 a5
58. g4 Qd4+ 59. Kc2 Qc4+ 60. Kd2 Qxg4 61. Rh2+ Kg8 62. Qc8+ Kf7 63. Qd7+ Kf8
64. Qd8+ Kf7 65. Qd7+ Kf8 1/2-1/2

[Event "LXII C.to Italiano"]
[Site "Montecatini Terme ITA"]
[Date "2002.11.20"]
[Round "1"]
[White "Mantovani, Renzo"]
[Black "Genocchio, Daniele"]
[Result "1-0"]
[WhiteElo "2359"]
[BlackElo "2345"]
[PlyCount "61"]
[EventDate "2002.11.20"]

1. e4 c5 2. Nf3 Nc6 3. c3 e5 4. Bc4 Qc7 5. O-O Nf6 6. Ng5 Nd8 7. f4 h6 8. Nf3
exf4 9. e5 Nh7 10. d4 cxd4 11. Qb3 dxc3 12. Nxc3 Ne6 13. Kh1 Bc5 14. Nd5 Qd8
15. Nxf4 O-O 16. Bd2 a6 17. Rad1 b5 18. Bd3 Nhg5 19. Nxg5 hxg5 20. Nxe6 dxe6
21. Be4 Rb8 22. Qh3 g6 23. Qh6 Be7 24. Bb4 Qc7 25. Bxg6 fxg6 26. Qxg6+ Kh8 27.
Rxf8+ Bxf8 28. Bxf8 Bb7 29. Bd6 Rd8 30. Qxg5 Rg8 31. Qxg8+ 1-0

[Event "LXII C.to Italiano"]
[Site "Montecatini Terme ITA"]
[Date "2002.11.21"]
[Round "2"]
[White "Braga, Fernando Alberto"]
[Black "Belotti, Bruno"]
[Result "1/2-1/2"]
[WhiteElo "2434"]
[BlackElo "2419"]
[PlyCount "95"]
[EventDate "2002.11.20"]

1. Nf3 Nf6 2. c4 b6 3. g3 Bb7 4. Bg2 e6 5. O-O Be7 6. Nc3 O-O 7. Re1 Ne4 8.
Nxe4 Bxe4 9. d3 Bb7 10. e4 c5 11. d4 cxd4 12. Nxd4 Nc6 13. e5 a6 14. b3 Qc7 15.
Bb2 Rfd8 16. Qg4 Nxd4 17. Bxb7 Qxb7 18. Bxd4 b5 19. c5 a5 20. Rac1 Rdc8 21. Rc2
Rc7 22. Qe2 Rac8 23. Rec1 Qd5 24. Be3 Rb7 25. f4 Qe4 26. Kf2 f6 27. Qf3 Qxf3+
28. Kxf3 Rc6 29. Bd2 b4 30. Rc4 Kf7 31. R1c2 h5 32. h3 Ke8 33. g4 hxg4+ 34.
hxg4 Kf7 35. Ke4 Rb8 36. Be1 Rh8 37. a3 Rh3 38. axb4 axb4 39. Bxb4 Rxb3 40. Rd4
Ke8 41. Rh2 Bxc5 42. Bxc5 Rxc5 43. exf6 gxf6 44. Rh8+ Ke7 45. Rh7+ Kf8 46.
Rdxd7 Rc4+ 47. Rd4 Rxd4+ 48. Kxd4 1/2-1/2

[Event "LXII C.to Italiano"]
[Site "Montecatini Terme ITA"]
[Date "2002.11.21"]
[Round "2"]
[White "Buchicchio, Giampaolo"]
[Black "Bellia, Fabrizio"]
[Result "1/2-1/2"]
[WhiteElo "2245"]
[BlackElo "2410"]
[PlyCount "29"]
[EventDate "2002.11.20"]

1. e4 d5 2. exd5 Qxd5 3. Nc3 Qa5 4. d4 Nf6 5. Nf3 c6 6. Bc4 Bf5 7. Bd2 e6 8.
Nd5 Qd8 9. Nxf6+ Qxf6 10. Qe2 Nd7 11. O-O-O Nb6 12. Ne5 Nxc4 13. Qxc4 Bd6 14.
Rhe1 Rd8 15. Ba5 1/2-1/2

[Event "LXII C.to Italiano"]
[Site "Montecatini Terme ITA"]
[Date "2002.11.21"]
[Round "2"]
[White "De Santis, Alessio"]
[Black "Di Paolo, Raffaele"]
[Result "1-0"]
[WhiteElo "2267"]
[BlackElo "2340"]
[PlyCount "60"]
[EventDate "2002.11.20"]

1. d4 f5 2. g4 fxg4 3. Nc3 d5 4. Bf4 Nf6 5. Qd3 c5 6. dxc5 Nc6 7. O-O-O e5 8.
Bg5 Be6 9. Qb5 a6 10. Qxb7 Na5 11. Qb6 Qxb6 12. cxb6 d4 13. Bg2 Rb8 14. Ne4
Nxe4 15. Bxe4 Rxb6 16. e3 Nc4 17. b3 Ba3+ 18. Kb1 Nd6 19. Bg2 O-O 20. Bh4 Nf5
21. Bg5 Nd6 22. f4 dxe3 23. Ne2 h6 24. Be7 Rxf4 25. Rd3 Bf5 26. Rxe3 Nc4 27.
Bd5+ Be6 28. Bxc4 Bxc4 29. Bxa3 Bxe2 30. Rxe2 e4 1-0